| 000 | 00854nam a2200253Ia 4500 | ||
|---|---|---|---|
| 003 | GCL | ||
| 008 | 140319s9999 xx 000 0 ara d | ||
| 040 |
_aGCL / _cGCL |
||
| 082 | 0 | 4 |
_a301.24 _bف ت |
| 100 | 1 | _aنادية عمر الجولانى | |
| 245 | 1 | 0 |
_aالتغير الاجتماعى - مدخل النظرية التطبيقية لتحليل التغير / _cنادية عمر الجولانى |
| 260 |
_a[S.N] : _bمؤسسة شباب الجامعة ، _c1993 |
||
| 300 | _a317 ص | ||
| 490 | _a | ||
| 650 | 0 | 4 | _aالتنمية الاجتماعية |
| 650 | 0 | 4 | _aنظريات |
| 650 | 0 | 4 | _aالاجتماع |
| 650 | 0 | 4 | _aالانثربولوجيا |
| 650 | 0 | 4 | _aالتغير الاجتماعى |
| 650 | 0 | 4 | _aالتطور الاجتماعى |
| 650 | 0 | 4 | _aمناهج |
| 650 | 0 | 4 | _aالتكيف الاجتماعى |
| 942 |
_2ddc _cBK |
||
| 999 |
_c31258 _d31258 |
||